1722 1090 1724 1187 1718 1619 1690 1387 1794 1818 1253 1598 1111 1670 1802 1678 1106 1997 1876 1516 1363 1892 1109 1278 1287 1900 1606 1698 1383 1753 1212 1708 1198 1149 1888 1668 1799 1304 1838 1813 1679 1665 1209 1002 1732 1777 1185 1263 1189 1457 1076 1327 1685 1785 1214 1647 1308 1178 1675 1109 1936 1351 1370 1504 1025 1636 1085 1978 1594 1292 1359 1702 1252 1185 1062 1334 1181 1118 1299 1111 1584 1427 1710 1440 1167 1112 1672 1194 1696 1851 1676 1756 1871 1409 1497 1494 1267 1751 1325 BCNSPRNW ULIB Ver.6.0+V

เปลี่ยนเป็นภาษาไทย

Change to English
 แสดงรายละเอียดบรรณานุกรม
  กลับหน้าหลัก

Brief Record : Get Marc (ISO 2709) : E-mail record : QR code < ปิดหน้าต่าง
LEADER : 00000nas 2200000uu 4500
001    13399127615
003     ULIB
008    210308s2563||||th 000 0 tha d
022 0  ^a01257242
245 00 ^aวารสารกองการพยาบาล = Journal of Nursing Division/^cกองการพยาบาล
310    ^aรายสี่เดือน
850 ^a ULIB^bปีที่ 47 ฉบับที่ 2 ฉ.1
945    ^p0^l0^i905678
999    ^aประนอม เกษจรัล
รายการนี้ยังไม่มีแท็ก
คุณยังไม่ได้ล็อกอิน คุณสามารถมีกิจกรรมร่วมกับเว็บไซต์ได้ แต่ต้องล็อกอินก่อน ::
  ล็อกอิน

รายการสื่อสารสนเทศ (วารสาร)

ดูแบบ: กล่อง รายการ
ARRIVED
ปีที่ 47 ฉบับที่ 2 ฉ.1
สถานที่: ห้องสมุดวิทยาเขตสวรรค์ประชารักษ์ >วารสาร

BibComment


ยังไม่เคยถูกคอมเมนท์

คอมเมนท์ทรัพยากรรายการนี้
  คอมเมนท์: วารสารกองการพยาบ..


 Copyright 2026. Bcnsprnw @Library